000 00339nam a2200133Ia 4500
005 20260328104343.0
008 260328s9999||||xx |||||||||||||| ||und||
100 _aRiera, Oscar
245 0 _aStables :
_b High Design For Horse And Home /
_cOscar Riera
260 _bRizzoli
300 _a270 p.
650 _aESPACIO PUBLICO
942 _cBK
999 _c12196
_d12196